000 00375nam a2200157Ia 4500
008 151213s9999 xx 000 0 und d
100 _aG. Moorhead
245 _aOrganization behavior
_cG. Moorhead
250 _a7th
260 _aNew Delhi
_bBigfortrk
_c2005
300 _a4258 p.
650 _aManagement
650 _aManagement
700 _aG. Moorhead
999 _c2682
_d2682